00466nam a22001457a 450000500170000002000260001703500130004303700210005608200110007724500820008825000120017026000420018227000700022430000260029420170601115759.0 a9789350719077c750.00 aB-666077 adplbVariety/Ven a336.24 aTaxmann's TDS :bhow to meet your obligations as amended by Finance Act 2016/ a22nd ed aNew DelhibTaxmann Publicationsc2016 a59/32,New Rohtak Road,bNew Delhi e110005k+91-11-45562222l-m- aI-31,732p.c24cm(pbk)